A textbook of Engineering physics (Record no. 5706)
[ view plain ]
| 000 -LEADER | |
|---|---|
| fixed length control field | 00415nam a2200133Ia 4500 |
| 003 - CONTROL NUMBER IDENTIFIER | |
| control field | SGT |
| 020 ## - INTERNATIONAL STANDARD BOOK NUMBER | |
| International Standard Book Number | 9789380097732 |
| 245 #2 - TITLE STATEMENT | |
| Title | A textbook of Engineering physics |
| 260 ## - PUBLICATION, DISTRIBUTION, ETC. (IMPRINT) | |
| Name of publisher, distributor, etc | Vayu Education of India |
| Place of publication, distribution, etc | New Delhi |
| Year of Publication | 2010 |
| 300 ## - PAGE DESCRIPTION | |
| No. of Pages | 696p. |
| 650 ## - SUBJECT ADDED ENTRY--TOPICAL TERM | |
| Topical term or geographic name as entry element | ENGINEERING PHYSICS |
| 653 ## - KEYWORDS--INDEX TERM | |
| Keyword term | INTERFERENCE OF LIGHT, DIFFRACTION OF LIGHT, POLARIZATION OF LIGHT, LASERS, FIBBER OPTICS, BONDING IN SOLIDS |
| 942 ## - ADDED ENTRY ELEMENTS (KOHA) | |
| Source of classification or shelving scheme | Dewey Decimal Classification |
| Koha item type | Books |
| Withdrawn status | Lost status | Source of classification or shelving scheme | Damaged status | Use restrictions | Not for loan | Home library | Current library | Shelving location | Date acquired | SGTU | Full call number | Accession No. (Barcode) | Date last seen | Bill Date | Koha item type |
|---|---|---|---|---|---|---|---|---|---|---|---|---|---|---|---|
| Dewey Decimal Classification | Restricted Access | Not For Loan | SGT Engineering Library | SGT Engineering Library | Reference Book | 05/08/2014 | SGTU | 530 SIN | FE6318 | 09/02/2015 | 09/02/2015 | Books |